Cuestiones morales.
Uloženo v:
| Hlavní autor: | |
|---|---|
| Médium: | Kniha |
| Jazyk: | španělština |
| Vydáno: |
Madrid, España
Trotta
1996
|
| Edice: | Colección Enciclopedia Iberoamericana de Filosofía.
12 |
| Témata: | |
| Tagy: |
Přidat tag
Žádné tagy, Buďte první, kdo vytvoří štítek k tomuto záznamu!
|
MARC
| LEADER | 00000nam a2200000 a 4500 | ||
|---|---|---|---|
| 001 | UCP5815 | ||
| 003 | CL-VaPUC | ||
| 005 | 20250224102309.0 | ||
| 008 | 991001e19960000SP |||||||||||||||||spa|d | ||
| 999 | |c 283477 |d 283475 | ||
| 040 | |c Pontificia Universidad Católica de Valparaíso | ||
| 082 | 0 | 4 | |a 170 GUA 1996 |2 21 |
| 100 | |a Guariglia, Osvaldo |9 463494 | ||
| 245 | 1 | 0 | |a Cuestiones morales. |
| 260 | 0 | 3 | |a Madrid, España |b Trotta |c 1996 |
| 300 | |a 318 páginas. | ||
| 490 | 0 | |a Colección Enciclopedia Iberoamericana de Filosofía. |v 12 | |
| 583 | |a last modification |c 19991001 00:00:00 |k Rodrigo Vera | ||
| 650 | 0 | |a Lógica |9 256849 | |
| 650 | 0 | |a Ética |9 255099 | |
| 650 | 0 | |a Valores sociales |9 309627 | |
| 650 | 7 | |a SUJETO MORAL |2 CL-VaPUC |9 434419 | |
| 650 | 0 | |a Autonomía |9 374048 | |
| 650 | 0 | |a Feminismo |9 259085 | |
| 650 | 0 | |a Desarrollo cultural |9 267526 | |
| 650 | 0 | |a Aspectos económicos |9 255165 | |
| 650 | 0 | |a Aspectos religiosos |9 257320 | |
| 650 | 0 | |a Medio ambiente |9 257625 | |
| 650 | 0 | |a Aborto |9 256680 | |
| 650 | 0 | |a Eutanasia |9 255102 | |
| 942 | |c BK |2 ddc | ||
| 945 | |d 19991001 00:00:00 |a rbrito | ||
| 952 | |0 0 |1 0 |2 ddc |4 0 |6 170_000000000000000_GUA_1996 |7 0 |8 A |9 326660 |a BIBTEO |b BIBTEO |d 2019-11-20 |i 3559912 |l 1 |o 170 GUA 1996 |p 3559912 |r 2025-01-17 |s 2024-10-09 |t 1 |w 2019-11-20 |y BK |k ICR | ||
| 952 | |0 0 |1 0 |2 ddc |4 0 |6 170_000000000000000_GUA_1996 |7 0 |8 A |9 326661 |a BIBTEO |b BIBTEO |d 2019-11-20 |i 3917282 |o 170 GUA 1996 |p 3917282 |r 2025-01-17 |t 2 |w 2019-11-20 |y BK |k ICR | ||